Statistics for Countries by Atlas Obscura Description

Click here to take the quiz!

General Stats

  • This quiz has been taken 528 times
  • The average score is 15 of 16

Answer Stats

AttractionDescriptionCountry% Correct
Habsburg Imperial CryptTwelve emperors, 18 empresses, and 113 other members of the Habsburg family are interred in the Imperial Crypt (Kaisergruft) in ViennaAustria
98%
Victory Over America PalaceSaddam Hussein built the monument to commemorate his very dubious “victory” over the United States in the 1991 Gulf WarIraq
98%
Genghis Khan Statue ComplexIn 2008, a giant statue of Khan riding a horse was erected... at 40 meters high, it is the world’s largest equestrian statueMongolia
98%
Urnes Stave ChurchAn old Viking church that has looked over the neighboring fjord for going on 900 yearsNorway
98%
Tombs of the SultansQuite literally overshadowed by what is possibly Istanbul’s most iconic sight, the tombs date from as early as 1574 and make extraordinary use of tilework, calligraphy, and paintworkTurkey
98%
Ta ProhmWhen Angkor was rediscovered in the early 20th century... all of the temples had become overgrown–but none so spectacularly as Ta ProhmCambodia
97%
Old Dragon's HeadOld Dragon’s Head is considered to be the start of the Great Wall, built during the Ming Dynasty, and it does resemble a dragon resting its weary head by the Bohai SeaChina
97%
CoppeliaCoppelia was originally built in 1966 at the behest of Castro himself, who... sought to produce more quality flavors of ice cream than AmericaCuba
97%
Château d'IfA fortress complex that was made famous by being featured as a location in the literary classic, The Count of Monte CristoFrance
97%
Namche BazaarIf you find yourself making the trek to the top of Everest be sure to stop in the mercantile community and pamper yourselfNepal
97%
Hacienda NápolesPablo Escobar once lived in this sprawling estate... strolling through his zoo filled with hippos and exotic birdsColombia
96%
The Giant Ghibli ClockDesigned by Hayao Miyazaki... while it’s not exactly drawn from his 2004 film Howl’s Moving Castle, it’s been likened to the aesthetic of the anime classicJapan
96%
Salt Pans of MarasCascading down a hillside valley like uneven steps, the Salinas de Maras were first created sometime in the 1400s by the IncasPeru
96%
Boulders Beach Penguin SanctuaryThis beautiful beach is the home of over 2,000 endangered African penguins, and one of the few mainland penguin colonies in the worldSouth Africa
95%
Corvin CastleTourists are told that Vlad the Impaler spent some seven years in the dungeons of Corvin Castle, a stay which resulted in his eventual madnessRomania
93%
Baikonur CosmodromeThe Cosmodrome was built in the 1950s as a secret missile testing site and as the base of operations for the Soviet space programKazakhstan
90%

Score Distribution

Percentile by Number Answered

Percent of People with Each Score

Your Score History

You have not taken this quiz